[Event "International Championship of Central Se"]
[Site "Paracin, hotel "]
[Date "2016.07.09"]
[Round "3.32"]
[White "Krstulovic, Alex"]
[Black "Pregarac, Valter"]
[Result "0-1"]
[WhiteElo "2280"]
[BlackElo "2135"]
[PlyCount "84"]
[EventDate "2016.07.07"]

1. d4 Nf6 2. c4 e6 3. Nf3 Bb4+ 4. Bd2 Qe7 5. g3 Nc6 6. Nc3 O-O 7. Bg2 Na5 8. b3
b6 9. O-O Bb7 10. Qc2 d5 11. cxd5 exd5 12. Ne5 c5 13. Nd3 Nc6 14. dxc5 Nd4 15.
Qb2 Bxc3 16. Bxc3 Nxe2+ 17. Kh1 d4 18. Bxd4 Bxg2+ 19. Kxg2 Nxd4 20. Qxd4 Rad8
21. Qc4 b5 22. Qxb5 Qe4+ 23. Kg1 Qxd3 24. Qxd3 Rxd3 25. b4 Rb8 26. Rfd1 Rxd1+
27. Rxd1 Kf8 28. a3 Ke7 29. Rd6 a5 30. Rd4 axb4 31. axb4 Rd8 32. Rc4 Rd1+ 33.
Kg2 Kd7 34. b5 Rb1 35. c6+ Kc7 36. Ra4 Rxb5 37. Ra7+ Kxc6 38. Rxf7 Rb7 39. Rf8
Kd6 40. h4 Ke6 41. Ra8 Rd7 42. Ra6+ Kf7 0-1

[Event "International Championship of Central Se"]
[Site "Paracin, hotel "]
[Date "2016.07.09"]
[Round "3.33"]
[White "Budimir, Boris"]
[Black "Maksimovic, Bojan"]
[Result "1/2-1/2"]
[WhiteElo "2272"]
[BlackElo "2131"]
[PlyCount "62"]
[EventDate "2016.07.07"]

1. c4 e5 2. Nc3 Nf6 3. g3 Bb4 4. Nf3 Nc6 5. Nd5 Bc5 6. d3 h6 7. Bg2 d6 8. O-O
O-O 9. Ne3 Re8 10. a3 a5 11. b3 Nd4 12. Rb1 Nf5 13. Nxf5 Bxf5 14. b4 axb4 15.
axb4 Ba7 16. Nh4 Bc8 17. Qc2 c6 18. b5 Bd7 19. bxc6 bxc6 20. e3 Qe7 21. Rb7 Qe6
22. e4 Reb8 23. Qb3 Qe8 24. Nf5 Bc5 25. Be3 Rxb7 26. Qxb7 Qb8 27. Qxb8+ Rxb8
28. Bxc5 dxc5 29. Ra1 g6 30. Ne3 Rb3 31. Bf1 Kf8 1/2-1/2

[Event "International Championship of Central Se"]
[Site "Paracin, hotel "]
[Date "2016.07.09"]
[Round "3.34"]
[White "Agdelen, Huseyin Can"]
[Black "Tomic, Aleksandar"]
[Result "1-0"]
[WhiteElo "2061"]
[BlackElo "2272"]
[PlyCount "107"]
[EventDate "2016.07.07"]

1. e4 c5 2. Nf3 Nc6 3. d4 cxd4 4. Nxd4 g6 5. c4 Nf6 6. Nc3 Nxd4 7. Qxd4 d6 8.
Be3 Bg7 9. f3 O-O 10. Qd2 a5 11. Be2 a4 12. O-O Qa5 13. Rac1 Be6 14. Rfd1 Rfc8
15. Nb5 Qxd2 16. Rxd2 Nd7 17. Rdc2 Nc5 18. Bd4 f5 19. Bxg7 Kxg7 20. exf5 gxf5
21. Bf1 Kf6 22. Re1 Bd7 23. Nc3 Bc6 24. Rd2 Rg8 25. Kf2 Rad8 26. Rb1 Ra8 27.
Rd4 h5 28. g3 Ne6 29. Nd5+ Bxd5 30. Rxd5 Rgc8 31. Rbd1 Rc6 32. Bd3 Ng7 33. Rb5
Ra7 34. f4 e5 35. Be2 Ne6 36. Rxd6 exf4 37. Rdd5 fxg3+ 38. hxg3 Ng7 39. Bd3 b6
40. Bxf5 Rxc4 41. Rxb6+ Kf7 42. Bg6+ Ke7 43. Bd3 Rc8 44. Rg6 Kf7 45. Rdg5 Kf8
46. Rh6 Rf7+ 47. Kg2 Rcc7 48. Re5 Rfd7 49. Rf6+ Kg8 50. Re3 Rb7 51. Rf2 Re7 52.
Ref3 Ne6 53. Rf5 Rb6 54. Rxh5 1-0

[Event "International Championship of Central Se"]
[Site "Paracin, hotel "]
[Date "2016.07.09"]
[Round "3.35"]
[White "Cannesar, Rad"]
[Black "Baglan, Esat"]
[Result "0-1"]
[WhiteElo "1892"]
[BlackElo "2246"]
[PlyCount "84"]
[EventDate "2016.07.07"]

1. e4 c5 2. Nf3 Nc6 3. d4 cxd4 4. Nxd4 g6 5. Nc3 Bg7 6. Be3 Nf6 7. Bc4 O-O 8.
Bb3 d6 9. f3 Bd7 10. Qd2 Na5 11. O-O-O Rb8 12. h4 b5 13. h5 Nc4 14. Bxc4 bxc4
15. Nde2 Qa5 16. hxg6 fxg6 17. Bh6 Qb4 18. b3 Bxh6 19. Qxh6 Qa3+ 20. Kd2 Rf7
21. Nf4 Rg7 22. g4 Qc5 23. g5 Qd4+ 24. Ke2 Qxc3 25. gxf6 Qxf6 26. Nd5 Qf7 27.
bxc4 Rf8 28. Qe3 Bc8 29. Rb1 Ba6 30. Rb4 e6 31. Ra4 exd5 32. Rxa6 dxe4 33. fxe4
Qxc4+ 34. Qd3 Qxd3+ 35. cxd3 Rd7 36. d4 Kg7 37. Ke3 h5 38. Rg1 Rf6 39. Rg3 Re7
40. Ra5 Rfe6 41. Rxh5 Rxe4+ 42. Kd3 Re3+ 0-1

[Event "International Championship of Central Se"]
[Site "Paracin, hotel "]
[Date "2016.07.09"]
[Round "3.36"]
[White "Arsic, Djordje"]
[Black "Dogan, Mire Deniz"]
[Result "1/2-1/2"]
[WhiteElo "2232"]
[BlackElo "2042"]
[PlyCount "115"]
[EventDate "2016.07.07"]

1. e4 c5 2. Nf3 d6 3. Bb5+ Nd7 4. O-O a6 5. Bxd7+ Qxd7 6. Re1 e6 7. c3 Be7 8.
d4 b6 9. Bf4 Nf6 10. e5 Nd5 11. Bg3 cxd4 12. cxd4 Bb7 13. Nbd2 O-O 14. Nc4 dxe5
15. Ncxe5 Qb5 16. Rb1 Rfd8 17. a3 a5 18. Qd2 Rac8 19. h4 Nf6 20. Rbd1 Ne4 21.
Qf4 f6 22. Rxe4 Bxe4 23. Qxe4 fxe5 24. Bxe5 Qe8 25. Qb7 Bf6 26. Bxf6 gxf6 27.
Qxb6 Rb8 28. Qxa5 Rxb2 29. Qc3 Qa4 30. Re1 Qc2 31. Qe3 Rd6 32. Rf1 Rb1 33. Ne1
Qg6 34. h5 Qg4 35. h6 Qg6 36. g3 Rdb6 37. Kg2 Qf5 38. Qc3 Qd5+ 39. Nf3 Rc6 40.
Qe3 Rb3 41. Qf4 Rcc3 42. Qg4+ Kf8 43. Qg7+ Ke8 44. Qh8+ Kd7 45. Qxh7+ Kc6 46.
Qg6 Qxf3+ 47. Kg1 Qxg3+ 48. fxg3 Rxg3+ 49. Qxg3 Rxg3+ 50. Kh2 Rg6 51. h7 Rh6+
52. Kg2 Rxh7 53. Rxf6 Kd5 54. Rf4 Ra7 55. Kf2 Rxa3 56. Ke2 Ra4 57. Kd3 Rb4 58.
Re4 1/2-1/2

[Event "International Championship of Central Se"]
[Site "Paracin, hotel "]
[Date "2016.07.09"]
[Round "3.37"]
[White "Jovanovic, Bojan P"]
[Black "Krasteva, Beloslava"]
[Result "1-0"]
[WhiteElo "2246"]
[BlackElo "1933"]
[PlyCount "65"]
[EventDate "2016.07.07"]

1. f4 d5 2. Nf3 Nf6 3. e3 Bg4 4. Be2 e6 5. b3 Bd6 6. Bb2 Nbd7 7. Ne5 Bxe2 8.
Qxe2 Be7 9. O-O c6 10. d3 Qc7 11. Nd2 Rd8 12. Kh1 Nb6 13. Rf3 c5 14. Rg3 Rg8
15. e4 d4 16. a4 Nbd7 17. Ndc4 g6 18. Nxd7 Rxd7 19. Rf1 h5 20. Bc1 Ng4 21. f5
g5 22. Rh3 Nf6 23. fxe6 fxe6 24. e5 Nd5 25. Qxh5+ Kd8 26. Qh7 Re8 27. Qg6 Nf4
28. Bxf4 gxf4 29. Rxf4 Qc6 30. Qxe8+ Kxe8 31. Rh8+ Bf8 32. Rhxf8+ Ke7 33. R4f7#
1-0

[Event "International Championship of Central Se"]
[Site "Paracin, hotel "]
[Date "2016.07.09"]
[Round "3.38"]
[White "Gulden, Egemen"]
[Black "Tosic, Srecko"]
[Result "1/2-1/2"]
[WhiteElo "2122"]
[BlackElo "2340"]
[PlyCount "99"]
[EventDate "2016.07.07"]

1. e4 e6 2. d3 d5 3. Nd2 Nf6 4. g3 dxe4 5. dxe4 Bc5 6. Bg2 e5 7. Ngf3 Nc6 8.
O-O O-O 9. c3 a5 10. h3 h6 11. Qe2 b6 12. Rd1 Ba6 13. c4 a4 14. Rb1 Qe7 15. Nf1
Qe6 16. b3 Rad8 17. Bb2 axb3 18. axb3 Rfe8 19. g4 Bb7 20. Ng3 Nh7 21. Nf5 f6
22. h4 Ne7 23. h5 Nc6 24. Bc3 Bb4 25. Qc2 Nf8 26. Bb2 Kh7 27. N3h4 Qf7 28. Rd5
Bc5 29. Bc3 Nb4 30. Bxb4 Bxb4 31. Rbd1 Bxd5 32. exd5 Kh8 33. Be4 Nh7 34. Ng3
Nf8 35. Ngf5 Qd7 36. f3 c6 37. Ng6+ Nxg6 38. hxg6 cxd5 39. Bxd5 e4 40. fxe4 Qc7
41. Qc1 Qe5 42. Rd3 Bc5+ 43. Kg2 Rxd5 44. Rxd5 Qxe4+ 45. Kg3 Qe2 46. Qf4 Qe1+
47. Kh3 Qh1+ 48. Qh2 Qf3+ 49. Qg3 Qh1+ 50. Qh2 1/2-1/2

[Event "International Championship of Central Se"]
[Site "Paracin, hotel "]
[Date "2016.07.09"]
[Round "3.39"]
[White "Stanojevic, Ilija"]
[Black "Radovic, Luka"]
[Result "1/2-1/2"]
[WhiteElo "2119"]
[BlackElo "2276"]
[PlyCount "88"]
[EventDate "2016.07.07"]

1. c4 c6 2. d4 d5 3. Nf3 Nf6 4. e3 e6 5. Be2 Nbd7 6. b3 Bd6 7. Bb2 O-O 8. O-O
Qe7 9. Nbd2 e5 10. dxe5 Nxe5 11. cxd5 cxd5 12. Nxe5 Bxe5 13. Bxe5 Qxe5 14. Nf3
Qe7 15. Qd4 Bg4 16. Rfd1 a5 17. Qa4 Ne4 18. Rac1 Rfe8 19. Qd4 Rac8 20. h3 Bh5
21. Re1 Qd6 22. Bb5 Red8 23. Ne5 Qb4 24. Qxb4 axb4 25. Rxc8 Rxc8 26. Nd3 Rc2
27. Nxb4 Rxf2 28. Rc1 g5 29. Bd3 Rd2 30. Bxe4 dxe4 31. Rc2 Rd1+ 32. Kf2 f5 33.
Rc8+ Kg7 34. Rc7+ Kh6 35. Rxb7 f4 36. Re7 Rd2+ 37. Kf1 f3 38. g4 Bg6 39. a4 Rb2
40. a5 Rxb3 41. Nd5 Rb5 42. Nf6 Rb8 43. Kf2 Rf8 44. Nd5 Ra8 1/2-1/2

[Event "International Championship of Central Se"]
[Site "Paracin, hotel "]
[Date "2016.07.09"]
[Round "3.40"]
[White "Apontecastillo, Ernesto"]
[Black "Vujacic, Borivoje"]
[Result "0-1"]
[WhiteElo "2100"]
[BlackElo "2265"]
[PlyCount "108"]
[EventDate "2016.07.07"]

1. e4 c5 2. Nf3 d6 3. d3 g6 4. g3 Bg7 5. Bg2 Nc6 6. O-O e5 7. Nbd2 Nge7 8. c3
O-O 9. a3 h6 10. b4 cxb4 11. axb4 b5 12. Re1 Be6 13. Bb2 Qb6 14. Nb3 a5 15.
bxa5 Nxa5 16. Nxa5 Rxa5 17. Rxa5 Qxa5 18. Qd2 Nc6 19. Ra1 Qb6 20. d4 Na5 21. d5
Nc4 22. Qc2 Bd7 23. Bc1 f5 24. Nd2 Nxd2 25. Bxd2 f4 26. Be1 Rf7 27. Qa2 h5 28.
Qa7 Qd8 29. Qa8 Rf8 30. Qxd8 Rxd8 31. Ra7 Kf8 32. Bf1 Bf6 33. Rb7 Bg4 34. Rxb5
Ra8 35. Bd3 Bf3 36. Kf1 g5 37. Rb4 Ra2 38. Rb1 h4 39. gxh4 gxh4 40. h3 Bd8 41.
Rb8 Ke7 42. Rb7+ Kf6 43. Rd7 Be7 44. Rb7 Ra1 45. Bb1 Kf7 46. c4 Ke8 47. Bc3 Ra3
48. Bb2 Ra4 49. Bd3 Kd8 50. Rb3 Kc8 51. Bb1 Bd1 52. Rd3 Rb4 53. Rxd1 Rxb2 54.
Bd3 f3 0-1

[Event "International Championship of Central Se"]
[Site "Paracin, hotel "]
[Date "2016.07.09"]
[Round "3.41"]
[White "Sukovic, Andrej"]
[Black "Zivic, Dragan"]
[Result "1-0"]
[WhiteElo "2084"]
[BlackElo "2244"]
[PlyCount "63"]
[EventDate "2016.07.07"]

1. e4 c5 2. Nf3 e6 3. d4 cxd4 4. Nxd4 a6 5. Nc3 Qc7 6. Be3 Nf6 7. a3 b5 8. Bd3
Bb7 9. O-O d5 10. exd5 Nxd5 11. Nxd5 Bxd5 12. c4 bxc4 13. Rc1 Nd7 14. Bxc4 Bxc4
15. Qa4 Rc8 16. b3 Qb7 17. Rxc4 Rxc4 18. Qxc4 Bxa3 19. Ra1 Bb2 20. Qxa6 Qxa6
21. Rxa6 O-O 22. Nc6 f5 23. g3 Nb8 24. Rb6 Nxc6 25. Rxc6 Rb8 26. Bb6 e5 27. b4
Kf7 28. Kf1 Bc3 29. Bc7 Rxb4 30. Rxc3 Rb5 31. Ra3 g5 32. Ra5 1-0

[Event "International Championship of Central Se"]
[Site "Paracin, hotel "]
[Date "2016.07.09"]
[Round "3.42"]
[White "Mitev, Valentin"]
[Black "Chekletsov, Ilya"]
[Result "0-1"]
[WhiteElo "2073"]
[BlackElo "2223"]
[PlyCount "88"]
[EventDate "2016.07.07"]

1. d4 e6 2. Nf3 Nf6 3. Bf4 b6 4. e3 Bb7 5. h3 Be7 6. Bh2 Ne4 7. Bd3 f5 8. O-O
O-O 9. Nfd2 Ng5 10. f4 Ne4 11. Bxe4 fxe4 12. c4 c5 13. Nc3 cxd4 14. exd4 d5 15.
Qg4 Bc8 16. cxd5 exd5 17. Qd1 Ba6 18. Qb3 Bxf1 19. Qxd5+ Qxd5 20. Nxd5 Bd3 21.
Nxe7+ Kf7 22. Nf5 Rd8 23. Nb3 Nc6 24. Rc1 Rac8 25. Bg3 a5 26. Bh4 Rd7 27. Kf2
a4 28. Nd2 Ne7 29. Rxc8 Nxc8 30. Ke3 Ke6 31. g4 Kd5 32. Nf3 Nd6 33. Nxd6 Rxd6
34. Ne5 Rh6 35. Bf2 Rxh3+ 36. Kd2 Rh2 37. Ke3 Rh3+ 38. Kd2 Rh1 39. Nxd3 exd3
40. Kxd3 Rh3+ 41. Ke2 b5 42. f5 Ke4 43. d5 Kxd5 44. g5 Ke5 0-1

[Event "International Championship of Central Se"]
[Site "Paracin, hotel "]
[Date "2016.07.09"]
[Round "3.43"]
[White "Perovic, Zivojin"]
[Black "Ivic, Matija"]
[Result "1/2-1/2"]
[WhiteElo "2219"]
[BlackElo "2160"]
[PlyCount "40"]
[EventDate "2016.07.07"]

1. e4 c5 2. Nf3 d6 3. c3 Nf6 4. h3 Nc6 5. Bd3 e5 6. Bc2 d5 7. exd5 Qxd5 8. d3
Be7 9. O-O O-O 10. Re1 Bf5 11. Qe2 Rfe8 12. Nbd2 Rad8 13. Ne4 Qd7 14. Be3 Nd5
15. Rad1 Bf8 16. Bb3 Be7 17. Bc2 Bf8 18. Bb3 Be7 19. Bc2 Bf8 20. Bb3 Be7
1/2-1/2

[Event "International Championship of Central Se"]
[Site "Paracin, hotel "]
[Date "2016.07.09"]
[Round "3.44"]
[White "Tisma, Ivan"]
[Black "Ozates, Tuna"]
[Result "0-1"]
[WhiteElo "2212"]
[BlackElo "2074"]
[PlyCount "140"]
[EventDate "2016.07.07"]

1. Nf3 c5 2. c4 Nc6 3. g3 e5 4. Nc3 g6 5. Bg2 Bg7 6. O-O Nge7 7. d3 d6 8. Bg5
f6 9. Bd2 O-O 10. a3 Be6 11. Ne1 a5 12. Rb1 d5 13. cxd5 Nxd5 14. Qb3 Nd4 15.
Bxd5 Nxb3 16. Bxe6+ Kh8 17. Bxb3 f5 18. Nf3 h6 19. Rfd1 Qf6 20. a4 b6 21. Nd5
Qd6 22. Ne3 Rae8 23. Nc4 Qc7 24. Be1 g5 25. Bc3 Kh7 26. Nfd2 f4 27. Ne4 f3 28.
exf3 Rxf3 29. Ne3 Ref8 30. Rd2 Qd8 31. Bd1 R3f7 32. Bg4 Kg6 33. Be6 Re7 34. Bc4
Rd7 35. Re1 h5 36. h3 Re7 37. Kg2 Rd7 38. f3 Qe7 39. g4 h4 40. Nf5 Qd8 41. Nxg7
Rxg7 42. Bxe5 Rd7 43. Bc3 Qb8 44. Re3 Re7 45. d4 Qf4 46. Rdd3 Rxe4 47. Rxe4
Qg3+ 48. Kf1 Rxf3+ 49. Ke2 Qg2+ 50. Kd1 Qxh3 51. Re6+ Kh7 52. Rxf3 Qxf3+ 53.
Be2 Qh1+ 54. Kc2 cxd4 55. Bxd4 Qd5 56. Re7+ Kg8 57. Kc3 Qc6+ 58. Bc4+ Kf8 59.
Rf7+ Ke8 60. Rf5 Qh1 61. Re5+ Kd7 62. Rxg5 Qc1+ 63. Kd3 Qxg5 64. Bxb6 Qxg4 65.
Bb5+ Kd6 66. Bxa5 h3 67. Ba6 Qf3+ 68. Kc4 Qe2+ 69. Kb3 Qxa6 70. Bb4+ Kd5 0-1

[Event "International Championship of Central Se"]
[Site "Paracin, hotel "]
[Date "2016.07.09"]
[Round "3.45"]
[White "Stojkovska, Monika"]
[Black "Trifunovic, Miroljub"]
[Result "0-1"]
[WhiteElo "2005"]
[BlackElo "2209"]
[PlyCount "110"]
[EventDate "2016.07.07"]

1. d4 Nf6 2. c4 e6 3. Nc3 Bb4 4. e3 O-O 5. a3 Bxc3+ 6. bxc3 c5 7. Bd3 Nc6 8.
Ne2 e5 9. f3 d6 10. O-O b6 11. Ng3 Na5 12. f4 exd4 13. cxd4 cxd4 14. e4 Re8 15.
Re1 Qc7 16. Bb2 Bg4 17. Qc2 Nc6 18. Qf2 Bd7 19. Bxd4 Nxd4 20. Qxd4 Qc5 21. Qxc5
bxc5 22. h3 Bc6 23. Rab1 g6 24. Bc2 Kg7 25. Rbd1 Rad8 26. e5 dxe5 27. Rxd8 Rxd8
28. fxe5 Ng8 29. Rd1 Re8 30. Rd6 Ba8 31. Rd7 Re7 32. Rxe7 Nxe7 33. Be4 Bxe4 34.
Nxe4 Nc6 35. e6 fxe6 36. Nxc5 Kf6 37. Kf2 Na5 38. Nd7+ Ke7 39. Ne5 Kd6 40. Nf7+
Kc5 41. Ng5 Nxc4 42. Nxe6+ Kd6 43. Nf8 Nxa3 44. Nxh7 a5 45. Nf8 a4 46. Nxg6 Nc2
47. h4 a3 48. h5 a2 49. h6 a1=Q 50. h7 Qe1+ 51. Kf3 Nd4+ 52. Kf4 Ne6+ 53. Kg4
Qe4+ 54. Kh5 Qf5+ 55. Kh6 Qg5# 0-1

[Event "International Championship of Central Se"]
[Site "Paracin, hotel "]
[Date "2016.07.09"]
[Round "3.46"]
[White "Jovanovic, Sasa T"]
[Black "Chekletsov, Egor"]
[Result "1/2-1/2"]
[WhiteElo "2194"]
[BlackElo "2009"]
[PlyCount "105"]
[EventDate "2016.07.07"]

1. d4 Nf6 2. c4 c5 3. d5 e6 4. Nc3 exd5 5. cxd5 d6 6. e4 g6 7. f4 Bg7 8. Bb5+
Bd7 9. e5 dxe5 10. fxe5 Qe7 11. Nf3 Ng4 12. O-O O-O 13. Bg5 Qe8 14. Bxd7 Nxd7
15. e6 fxe6 16. Qb3 exd5 17. Nxd5 Kh8 18. Nc7 Qb8 19. Qe6 Qxc7 20. Qxg4 Bxb2
21. Rad1 Ne5 22. Qh3 Nxf3+ 23. Rxf3 Rxf3 24. gxf3 Bd4+ 25. Rxd4 cxd4 26. Qe6
Rf8 27. Bf6+ Rxf6 28. Qxf6+ Kg8 29. Qxd4 Qb6 30. Qxb6 axb6 31. Kf2 Kf7 32. Ke3
Ke6 33. Kf4 h6 34. Ke4 g5 35. a4 h5 36. f4 g4 37. f5+ Kf6 38. Kf4 b5 39. axb5
b6 40. Ke4 h4 41. Kf4 g3 42. hxg3 hxg3 43. Kxg3 Kxf5 44. Kf3 Ke5 45. Ke3 Kd5
46. Kd3 Kc5 47. Kc3 Kxb5 48. Kb3 Kc5 49. Kc3 b5 50. Kb3 b4 51. Kb2 Kb5 52. Kb3
Ka5 53. Kb2 1/2-1/2

[Event "International Championship of Central Se"]
[Site "Paracin, hotel "]
[Date "2016.07.09"]
[Round "3.47"]
[White "Kuzmanovic, Slobodan"]
[Black "Sensay, Emin"]
[Result "0-1"]
[WhiteElo "2161"]
[BlackElo "1881"]
[PlyCount "64"]
[EventDate "2016.07.07"]

1. e4 e5 2. Nf3 Nc6 3. Bb5 Nf6 4. Nc3 Bb4 5. d3 d6 6. O-O h6 7. Nd5 Ba5 8. c3
O-O 9. Re1 Nxd5 10. exd5 Ne7 11. d4 Nxd5 12. dxe5 dxe5 13. Nxe5 c6 14. Bc4 Be6
15. Qf3 Qh4 16. Re4 Qf6 17. Qe2 Rad8 18. Bd2 Bf5 19. Ng4 Qg6 20. Ne5 Qf6 21.
Ng4 Qd6 22. Rd4 Bb6 23. Ne3 Be6 24. Rh4 Nf4 25. Rxf4 Qxf4 26. Nd5 Qxf2+ 27.
Qxf2 Bxf2+ 28. Kxf2 Bxd5 29. Bxd5 Rxd5 30. Be3 a6 31. a4 Re8 32. b4 Rf5+ 0-1

[Event "International Championship of Central Se"]
[Site "Paracin, hotel "]
[Date "2016.07.09"]
[Round "3.48"]
[White "Peycheva, Gergana"]
[Black "Dimitrov, Vladimir"]
[Result "1/2-1/2"]
[WhiteElo "2016"]
[BlackElo "2413"]
[PlyCount "41"]
[EventDate "2016.07.07"]

1. e4 e6 2. d4 d5 3. Nd2 a6 4. Ngf3 c5 5. exd5 exd5 6. dxc5 Bxc5 7. Nb3 Be7 8.
Be2 Nf6 9. O-O O-O 10. c3 Nc6 11. Bg5 h6 12. Bh4 g5 13. Bg3 Ne4 14. Nfd4 f5 15.
Nxc6 bxc6 16. Be5 Bd6 17. Bxd6 Qxd6 18. c4 Be6 19. cxd5 Bxd5 20. f3 Nc5 21.
Nxc5 1/2-1/2

[Event "International Championship of Central Se"]
[Site "Paracin, hotel "]
[Date "2016.07.09"]
[Round "3.49"]
[White "Obodchuk, Andrei"]
[Black "Can, Isik"]
[Result "1-0"]
[WhiteElo "2395"]
[BlackElo "2072"]
[PlyCount "51"]
[EventDate "2016.07.07"]

1. Nf3 Nf6 2. c4 b6 3. d4 e6 4. Nc3 Bb7 5. a3 d5 6. cxd5 Nxd5 7. e3 Be7 8. Bb5+
c6 9. Bd3 O-O 10. Qc2 h6 11. Qe2 Nxc3 12. bxc3 c5 13. O-O Nc6 14. Bb2 Qc7 15.
e4 Rfd8 16. Rad1 Na5 17. Ne5 cxd4 18. cxd4 Rac8 19. Rc1 Qb8 20. Qh5 g6 21. Nxg6
Bf6 22. Qf3 Rxc1 23. Qxf6 Rxf1+ 24. Bxf1 fxg6 25. d5 e5 26. Bxe5 1-0

[Event "International Championship of Central Se"]
[Site "Paracin, hotel "]
[Date "2016.07.09"]
[Round "3.50"]
[White "Samani, Yamac"]
[Black "Rabrenovic, Vladan"]
[Result "0-1"]
[WhiteElo "2083"]
[BlackElo "2369"]
[PlyCount "72"]
[EventDate "2016.07.07"]

1. e4 d6 2. d4 g6 3. Nc3 Bg7 4. f4 a6 5. Nf3 b5 6. Bd3 Bb7 7. O-O Nd7 8. e5 Nh6
9. Be4 Qc8 10. Qe2 O-O 11. e6 Nb6 12. Bxb7 Qxb7 13. Ne4 f5 14. Neg5 Ng4 15. c3
Qd5 16. Re1 Nf6 17. Nh3 Rac8 18. Nf2 c5 19. dxc5 dxc5 20. Rd1 Qc6 21. Bd2 Nc4
22. Be1 Nd5 23. g3 Rf6 24. Ng5 Nde3 25. Nd3 Nxd1 26. Rxd1 h6 27. b3 hxg5 28.
bxc4 Rxe6 29. Ne5 Bxe5 30. fxe5 Qe4 31. Qxe4 fxe4 32. Rd5 bxc4 33. Bf2 Rec6 34.
Be3 g4 35. Rd7 R8c7 36. Rd8+ Kf7 0-1

[Event "International Championship of Central Se"]
[Site "Paracin, hotel "]
[Date "2016.07.09"]
[Round "3.51"]
[White "Kisic, Bozidar"]
[Black "Djordjevic, Lazar"]
[Result "1/2-1/2"]
[WhiteElo "2215"]
[BlackElo "2022"]
[PlyCount "110"]
[EventDate "2016.07.07"]

1. d4 Nf6 2. Bg5 Ne4 3. h4 h6 4. Bf4 d5 5. f3 Nf6 6. e4 dxe4 7. Nc3 exf3 8.
Nxf3 c6 9. Bd3 Bg4 10. Qd2 Bxf3 11. gxf3 Nbd7 12. Qh2 Qb6 13. O-O-O O-O-O 14.
Bc4 e6 15. h5 Bb4 16. Ne4 Nxe4 17. fxe4 Nf6 18. c3 Be7 19. Qg2 Rhg8 20. Qh3 c5
21. d5 Nxe4 22. dxe6 f6 23. Qe3 Nd6 24. Bxd6 Rxd6 25. Rxd6 Bxd6 26. Rd1 Re8 27.
Qe4 Re7 28. Kc2 Kc7 29. a3 a5 30. a4 Qc6 31. Bd5 Qe8 32. Qg4 f5 33. Qc4 f4 34.
Qb3 b6 35. Qc4 f3 36. Kb3 f2 37. Qa6 Qb8 38. Rf1 Bg3 39. Qd3 Kc8 40. Bc4 Qd6
41. Qxd6 Bxd6 42. Rxf2 Rc7 43. Kc2 Kd8 44. Kd3 Ke8 45. Ke4 Kd8 46. Kd5 Be7 47.
Ke5 Bf6+ 48. Kf5 Ke7 49. Rd2 Bg5 50. Rd1 Bf6 51. Bb5 c4 52. Rd7+ Rxd7 53. exd7
Bg5 54. Kg6 Bf6 55. Kf5 Bg5 1/2-1/2

[Event "International Championship of Central Se"]
[Site "Paracin, hotel "]
[Date "2016.07.09"]
[Round "3.52"]
[White "Petrovic, Marija"]
[Black "Erece, Ece Alkim"]
[Result "0-1"]
[WhiteElo "2105"]
[BlackElo "1775"]
[PlyCount "108"]
[EventDate "2016.07.07"]

1. Nf3 g6 2. g3 Bg7 3. Bg2 e5 4. e4 Nc6 5. O-O Nge7 6. c3 O-O 7. d4 exd4 8.
cxd4 d5 9. e5 Bg4 10. Nc3 f6 11. h3 Bxf3 12. Bxf3 fxe5 13. dxe5 d4 14. Ne4 Nxe5
15. Bg2 Kh8 16. Nc5 Qd6 17. Ne4 Qb6 18. b3 c6 19. Ba3 Qc7 20. Kh1 Rad8 21. Re1
Rfe8 22. f4 Nf7 23. Nc5 Nf5 24. Kh2 Ne3 25. Qd2 b6 26. Nd3 c5 27. Bf3 Nd6 28.
Bc1 b5 29. Qf2 c4 30. bxc4 bxc4 31. Nb4 Ndf5 32. Rb1 Qc5 33. g4 Nd6 34. Bxe3
dxe3 35. Qh4 Bc3 36. Nd5 Bxe1 37. Qf6+ Kg8 38. Rxe1 Nf7 39. Nc3 Qd4 40. Qxd4
Rxd4 41. Kg3 Rd3 42. Nd5 Kg7 43. h4 c3 44. Re2 Nd6 45. Nc7 Rc8 46. Ne6+ Kg8 47.
Rc2 Rd2 48. Rc1 c2 49. f5 gxf5 50. Nf4 fxg4 51. Kxg4 Rb8 52. Bd5+ Kh8 53. Bb3
e2 54. Kf3 Re8 0-1

[Event "International Championship of Central Se"]
[Site "Paracin, hotel "]
[Date "2016.07.09"]
[Round "3.53"]
[White "Soilemetzidis, Konstantinos"]
[Black "Malinarski, Yehuda"]
[Result "1/2-1/2"]
[WhiteElo "2035"]
[BlackElo "2104"]
[PlyCount "66"]
[EventDate "2016.07.07"]

1. e4 c5 2. Nf3 e6 3. d4 cxd4 4. Nxd4 Nf6 5. Nc3 d6 6. Be3 Be7 7. g4 h6 8. Qf3
a6 9. Qg2 Qc7 10. O-O-O Nc6 11. f4 Nd7 12. g5 hxg5 13. fxg5 Nde5 14. Be2 Bd7
15. Kb1 Na5 16. h4 Nac4 17. Bc1 b5 18. Nf5 Bf8 19. Bxc4 bxc4 20. Ne3 Rb8 21.
Qe2 Be7 22. Ng2 a5 23. Ka1 Qb6 24. Nf4 a4 25. a3 Bc6 26. g6 Bf6 27. gxf7+ Kxf7
28. Rxd6 Qc5 29. Rxe6 Nd7 30. Be3 Qxa3+ 31. bxa3 Bxc3+ 32. Ka2 Rb2+ 33. Ka1
Rb5+ 1/2-1/2

[Event "International Championship of Central Se"]
[Site "Paracin, hotel "]
[Date "2016.07.09"]
[Round "3.54"]
[White "Suc, Timothy"]
[Black "Mamontova, Anastasia"]
[Result "1-0"]
[WhiteElo "2034"]
[BlackElo "2084"]
[PlyCount "52"]
[EventDate "2016.07.07"]

1. e4 c6 2. d4 d5 3. e5 Bf5 4. h4 h6 5. g4 Bh7 6. e6 fxe6 7. Bd3 g6 8. Nf3 e5
9. Nxe5 Qd6 10. g5 Bg7 11. f4 Qe6 12. Qe2 Bxe5 13. fxe5 h5 14. Nc3 Nd7 15. Bd2
O-O-O 16. O-O-O c5 17. dxc5 d4 18. Bc4 Qc6 19. e6 Nxc5 20. Nb5 Qb6 21. Qe5 Nf6
22. Bf4 Na6 23. gxf6 exf6 24. Qxf6 Rhf8 25. Qe5 g5 26. hxg5 Bxc2 1-0

[Event "International Championship of Central Se"]
[Site "Paracin, hotel "]
[Date "2016.07.09"]
[Round "3.23"]
[White "Mladenovic, Stefan"]
[Black "Banovic, Ivan"]
[Result "0-1"]
[WhiteElo "2327"]
[BlackElo "2194"]
[PlyCount "80"]
[EventDate "2016.07.07"]

1. d4 Nf6 2. Nf3 d6 3. c4 g6 4. Nc3 Bg7 5. e4 O-O 6. Be2 c5 7. d5 e6 8. O-O
exd5 9. cxd5 Bg4 10. Nd2 Bxe2 11. Qxe2 a6 12. a4 Nbd7 13. a5 Re8 14. Nc4 Ne5
15. Nb6 Rb8 16. f4 Ned7 17. Nc4 Qe7 18. Re1 Nh5 19. e5 dxe5 20. g4 Qh4 21. Nd6
exf4 22. Nxe8 f3 23. Qf2 Bd4 24. Be3 Qxg4+ 25. Kh1 Rxe8 26. Bxd4 Rxe1+ 27. Rxe1
cxd4 28. Ne4 f5 29. Ng3 Nhf6 30. d6 Ne4 31. Rxe4 fxe4 32. Qxd4 Qh3 33. Qc4+ Kg7
34. Qc3+ Nf6 35. Qc7+ Kh6 36. Qc1+ g5 37. Qc2 Nh5 38. Kg1 Nxg3 39. hxg3 Qxg3+
40. Kf1 Qxd6 0-1

[Event "International Championship of Central Se"]
[Site "Paracin, hotel "]
[Date "2016.07.09"]
[Round "3.22"]
[White "Stefanov, Emil"]
[Black "Blazeka, Matej"]
[Result "1/2-1/2"]
[WhiteElo "2215"]
[BlackElo "2328"]
[PlyCount "46"]
[EventDate "2016.07.07"]

1. d4 d5 2. c4 c6 3. Nf3 Nf6 4. e3 e6 5. b3 Nbd7 6. Bb2 Be7 7. Bd3 O-O 8. O-O
b6 9. Nc3 Bb7 10. Qc2 h6 11. Rad1 a6 12. e4 dxe4 13. Nxe4 Nxe4 14. Bxe4 Qc7 15.
Rfe1 Nf6 16. c5 Nxe4 17. Qxe4 Rfd8 18. Qg4 Rd5 19. Ne5 Bf6 20. cxb6 Qxb6 21.
Nxf7 Kxf7 22. Qxe6+ Kg6 23. Qe4+ Kf7 1/2-1/2

[Event "International Championship of Central Se"]
[Site "Paracin, hotel "]
[Date "2016.07.09"]
[Round "3.25"]
[White "Ivic, Velimir"]
[Black "Djokic, Slavoljub"]
[Result "1-0"]
[WhiteElo "2315"]
[BlackElo "2167"]
[PlyCount "59"]
[EventDate "2016.07.07"]

1. e4 d5 2. exd5 Qxd5 3. Nc3 Qa5 4. g3 c6 5. Bg2 Nf6 6. d3 Bg4 7. Nf3 e6 8. h3
Bxf3 9. Bxf3 Bb4 10. Bd2 Nd5 11. Bxd5 cxd5 12. Qg4 O-O 13. O-O f5 14. Qe2 Re8
15. a3 Bxc3 16. Bxc3 Qd8 17. Be5 Nc6 18. c4 Qd7 19. b4 Rac8 20. Rac1 Ne7 21. h4
b5 22. cxb5 Qxb5 23. h5 Rxc1 24. Rxc1 Rc8 25. Rxc8+ Nxc8 26. Bd4 Qd7 27. Qe5 h6
28. b5 Kf8 29. a4 Ke8 30. Qxg7 1-0